Pavimentos en la construcción

Պահպանված է:
Մատենագիտական մանրամասներ
Հիմնական հեղինակ: Cusa Ramos, Juan de (Հեղինակ)
Ձևաչափ: Գիրք
Լեզու:իսպաներեն
Հրապարակվել է: Barcelona CEAC 1975
Հրատարակություն:15a. ed
Շարք:Enciclopedia CEAC de construcción, 8
Խորագրեր:
Ցուցիչներ: Ավելացրեք ցուցիչ
Չկան պիտակներ, Եղեք առաջինը, ով նշում է այս գրառումը!

MARC

LEADER 00000nam a2200000 a 4500
001 UCU7330
003 CL-VaPUC
008 960628e19750000SP |||||||||||||||||spa|d
082 0 4 |a 625.88  |b CUS  |2 21 
100 0 |a Cusa Ramos, Juan de  |e author  |9 366113 
245 1 0 |a Pavimentos en la construcción 
250 |a 15a. ed 
300 |a 368 p 
942 |c BK 
945 |d 19960628 00:00:00  |a paguirre 
260 |a Barcelona  |b CEAC  |c 1975 
650 0 |a Construcción  |9 260195 
650 0 |a Pavimentos  |9 258061 
650 0 |a Madera  |9 262357 
650 0 |a Hormigones  |9 262546 
650 7 |a PIEDRAS DE CONSTRUCCION  |2 CL-VaPUC  |9 365885 
650 0 |a Materiales de construcción  |9 260197 
583 |a last modification  |c 19960628 00:00:00  |k Rodrigo Vera 
490 0 |a Enciclopedia CEAC de construcción, 8 
999 |c 249993  |d 249991 
952 |0 0  |1 0  |4 0  |6 625_880000000000000_CUS_1975  |7 0  |8 A  |9 267616  |a BIBING  |b BIBING  |d 2019-11-19  |i 1698036  |o 625.88 CUS 1975  |p 1698036  |r 2025-01-20  |w 2019-11-19  |y BK  |k CCL